Historia natural. Escritos sobre artes.

Saved in:
書目詳細資料
主要作者: Plinio Segundo, Cayo (autor)
其他作者: García López, David (Editor), Gorostidi Pi, Diana (traductora)
格式: 未知
出版: Madrid, España: Alianza, 2023.
叢編:Alianza Forma.
主題:
標簽: 添加標簽
沒有標簽, 成為第一個標記此記錄!

MARC

LEADER 00000 a2200000 4500
003 CL-VaPUC
005 20240517111142.0
008 240513t2023 ||||| |||| 00| 0 eng d
999 |c 443725  |d 443723 
020 |a 978-84-1148-479-4 
040 |c Pontificia Universidad Católica de Valparaíso 
082 7 |a 508 PLI 2023  |2 22 
100 |a  Plinio Segundo, Cayo  |e autor  |9 616846 
245 |a Historia natural.  |b Escritos sobre artes. 
260 |a Madrid, España:  |b Alianza,  |c 2023. 
300 |a 364 páginas.  
440 |a Alianza Forma.  |9 888893 
505 |a Selección de los Libros VII, XVI, XXI. Libros XXXIII-XXXVII. 
583 |k GC  |c 20240513 
650 |a Historia natural   |9 268584 
700 |a García López, David  |e editor  |9 888931 
700 |a Gorostidi Pi, Diana  |e traductora  |9 888932 
942 |2 ddc  |c BK 
952 |0 0  |1 0  |2 ddc  |4 0  |6 508_000000000000000_PLI_2023  |7 0  |8 A  |9 594515  |a BIBHIS  |b BIBHIS  |d 2024-05-10  |e 36  |g 23952.00  |i 5661349  |o 508 PLI 2023  |p 5661349  |r 2025-01-20  |t 1  |v 23952.00  |w 2024-05-10  |y BK  |k HIS